Bảo tồn Hội Gióng với cái nhìn so sánh /

محفوظ في:
التفاصيل البيبلوغرافية
المؤلف الرئيسي: Đỗ Lan Phương.
التنسيق: مقال
اللغة:Vietnamese
الموضوعات:
الوسوم: إضافة وسم
لا توجد وسوم, كن أول من يضع وسما على هذه التسجيلة!
Thư viện lưu trữ: Thư viện Trường Đại học Đà Lạt
LEADER 00760nam a2200265 4500
001 DLU180184954
005 ##20180517
040 # # |a DLU  |b vie 
041 # # |a vie 
044 # # |a vn 
100 # # |a Đỗ Lan Phương. 
245 # # |a Bảo tồn Hội Gióng với cái nhìn so sánh /  |c Đỗ Lan Phương. 
653 # # |a Bảo tồn 
653 # # |a Biểu tượng 
653 # # |a Lễ hội dân gian 
773 # # |t Tạp chí Văn hoá dân gian  |g Số 2(140), 2012, tr. 13-21 
920 # # |a Phòng Tạp chí -- Trung tâm Thông tin - Thư viện Trường Đại học Đà Lạt 
994 # # |a DLU 
900 # # |a True 
911 # # |a Trần Thị Minh Hương 
925 # # |a G 
926 # # |a A 
927 # # |a BB 
980 # # |a Thư viện Trường Đại học Đà Lạt